| 000 | 00624nam a2200109Ia 4500 | ||
|---|---|---|---|
| 008 | 171212s9999 xx 000 0 und d | ||
| 100 | _aEibner, Christine;Girosi, Federico;Miller, Amalia R.;Cordova, Amado;McGlynn, Elizabeth A. | ||
| 245 |
_cEibner, Christine;Girosi, Federico;Miller, Amalia R.;Cordova, Amado;McGlynn, Elizabeth A. _aEmployer Self-Insurance Decisions and the Implications of the Patient Protection and Affordable Care Act as Modified by the Health Care and Education Reconciliation Act of 2010 (ACA) |
||
| 260 |
_bRAND Corporation _c2011 |
||
| 650 | _aBusiness | ||
| 856 | _uwww.jstor.org/stable/10.7249/tr971dol | ||
| 999 |
_c351999 _d351999 |
||